000 00867nam a2200253Ia 4500
003 OSt
005 20220925223530.0
006 a|||||r|||| 00| 0
007 ta
008 220923b |||||||| |||| 00| 0 eng d
020 _a0415449065
_c675.75
037 _bDU31, 22/03/2010, INDEPENDENT PUBLISHERS GROUP
_cGeneral Book
040 _aRTL
_cRTL
_beng
041 _2eng
_aeng
082 _aY2:(Z2), P8
100 _aParashar Archana
_9289904
245 0 _aRedefining family law in India
_b essays in honour of B Sivaramayya.
260 _aLondon
_bRoutledge
_c2008
300 _axlii, 374p. Bibliography chapterwise
_ccm.
650 _aSociology
700 _a Dhanda Amita Ed.
_917324
942 _hY2:(Z2), P8
_cGB
_2CC
999 _c579822
_d579822